Sir John Vanbrugh : (Record no. 581848)

MARC details
000 -LEADER
fixed length control field 00447nam a2200193 a 4500
008 - FIXED-LENGTH DATA ELEMENTS--GENERAL INFORMATION
fixed length control field 250813s2008##################000#0#eng##
020 ## - INTERNATIONAL STANDARD BOOK NUMBER
ISBN 9780300119299
082 04 - DEWEY DECIMAL CLASSIFICATION NUMBER
Classification number 720.92
Item number HAR
100 1# - MAIN ENTRY--AUTHOR NAME
Personal name Hart, Vaughan,
245 10 - TITLE STATEMENT
Title Sir John Vanbrugh :
260 ## - PUBLICATION, DISTRIBUTION, ETC. (IMPRINT)
Year of publication 2008.
300 ## - PHYSICAL DESCRIPTION
Number of Pages 312 pages
650 #0 - SUBJECT ADDED ENTRY--TOPICAL TERM
Topical Term Architecture.
942 ## - ADDED ENTRY ELEMENTS (KOHA)
Koha item type English Books
Holdings
Withdrawn status Lost status Damaged status Not for loan Home library Current library Shelving location Date acquired Full call number Accession Number Price effective from Koha item type
        Anna Centenary Library Anna Centenary Library 6TH FLOOR, B WING 13.08.2025 720.92 HAR 123637 13.08.2025 English Books

Find us on the map